Tara

Bibliographic Details
Main Author: Engler, Ivo, 1931-2017 (Author)
Format: Book
Language:Slovak
PhysicalDescription:127 s. 21 cm
Published: Bratislava Odkaz 1997
ISBN:808519371X
Subjects:

MARC

LEADER 00000nam a2200000 a 4500
001 vtls001324702
003 SK-MaSNL
005 20260301235544.0
008 240226s1997 xo ra slo
015 |a SNBA1998/07-02493 
020 |a 808519371X 
035 |a SNK000277439 
035 |a urn:nbn:sk:snk-amkhfo 
035 |a urn:nbn:sk:snk-am008gij 
035 |a 7B3B1AC9-FAC5-4642-A2FF-916BF3FEA64A 
040 |a SNK  |b slo  |c SNK  |e AACR2 
041 0 |a slo 
044 |a xo  |c SK 
080 |a 885.4-3  |2 1981 
100 1 |a Engler, Ivo,  |d 1931-2017  |4 aut  |9 198340 
245 1 0 |a Tara  |c Ivo Engler 
260 |a Bratislava  |b Odkaz  |c 1997 
300 |a 127 s.  |c 21 cm 
655 7 |a slovenské romány  |2 SNKPH  |9 70324 
919 |a 80-85193-71-X 
954 |a beletria pôvodná (slovenská)  |2 lita 
958 |a TL 
958 |a LX 
999 |c 975596  |d 977526 
952 |t P60, <09>, [BOOK], {629}  |a SNK  |b SNK  |y NEVYP  |7 0  |o snkC 273  |i snk514/980318  |0 0  |1 0  |4 0  |d 1998-03-17  |l 0  |r 2005-01-02 00:00:00  |w 2026-02-24 
952 |t P60, <03>, [BOOK], {603}  |a SNK  |b SNK  |y PREZ  |7 0  |p 17A0128176  |o snkSC 95328  |i snkKSP 2884/98  |0 0  |1 0  |4 0  |d 1998-03-17  |f 1  |l 0  |r 2025-09-12 00:00:00  |w 2026-02-24 
952 |t P60, <04>, [BOOK], {604}  |a SNK  |b SNK  |y VYP  |7 0  |p 17A0128175  |o snkSC 95328 D1  |i snkKSP 2885/98  |0 0  |1 0  |4 0  |d 1998-03-17  |l 0  |r 2005-01-02 00:00:00  |w 2026-02-24